| 000 | 00394 a2200169 4500 | ||
|---|---|---|---|
| 001 | 189538 | ||
| 020 | _a85-06-04285-2 | ||
| 040 | _cMagnum | ||
| 100 | _aMcginty, Frank | ||
| 240 | 1 | 0 |
_aSucesso! eu vou chegar lá... _lpor |
| 245 | 1 | 0 | _aSucesso! eu vou chegar lá... |
| 300 | _a128 | ||
| 362 | 0 | _a2001 | |
| 440 | 1 | _aMelhoramentos | |
| 697 | _aLITERATURA JUVENIL ESTRANGEIRA | ||
| 942 | _cBK | ||
| 999 |
_c189538 _d189538 |
||